000 00774nam a2200265 4500
999 _c3657
_d3657
001 310600
003 OSt
005 20181116135246.0
008 720517 1957 | eng c
010 _a58015903
020 _a9184957777
040 _aKent St Univ Lib
_dUtOrBLW
_cDLC
050 _aBR115.H4
_bR592 1957
082 _a615.85
_bR643I
100 1 _aRoberts, Oral,
_d1918-2009
245 1 0 _aIf you need healing do these things
250 _a[Second, revised edition]
264 1 _aTulsa, Okla. :
_bOral Roberts Evangelistic Association,
_c[1957]
300 _a130 pages :
_billustrations ;
_c20 cm
336 _atext
_btxt
_2rdacontent
337 _aunmediated
_bn
_2rdamedia
338 _avolume
_bnc
_2rdacarrier
650 0 _aMental healing
942 _2ddc
_cBK